000 00494nam a2200181Ia 4500
003 LK-CoDNM
008 010623t2004 xxu||||| |||| 00| 1 sin d
040 _aLK-CoDNM
_dLK-CoDNM
_eLK-CoDNM
041 _asin
080 _a796
_bWIJ
100 _aWijenayake, W.M.Athula
245 _aටග් ඔෆ් වෝ (කඹ ඇඳීම) නීති රීති
246 _aTug- of-war
260 _bS.Godage
_aColombo
_c2004
300 _b56, 22 cm
650 _aSports Games
942 _cBK
999 _c123756
_d123756